[Event "Pilsen Open 2023 - A INGEM IM Round Robin"]
[Site "Parkhotel Plzen ****, Plzen"]
[Date "2023.03.04"]
[Round "1"]
[Board "1"]
[White "Michalek, Jan"]
[Black "Vojta, Jakub"]
[Result "0-1"]
[WhiteElo "2259"]
[BlackElo "2277"]
[PlyCount "62"]
[EventDate "2023.03.04"]
[EventRounds "9"]
[EventCountry "CZE"]

1. Nf3 Nf6 2. c4 c5 3. Nc3 d5 4. cxd5 Nxd5 5. g3 Nc6 6. Bg2 Nc7 7. d3 e5 8. Be3 Be7
9. Nd2 O-O 10. O-O Nd4 11. Nc4 f6 12. a4 Kh8 13. f4 exf4 14. Bxf4 Nce6 15. Be3 f5
16. Nd5 Bd7 17. Ne5 Be8 18. Nf4 Qc7 19. Nc4 Bc6 20. Nxe6 Nxe6 21. Bh3 g6 22. Rc1
Bf6 23. Bd2 Rae8 24. Bc3 Bxc3 25. bxc3 Ng5 26. Bg2 Bxg2 27. Kxg2 Qc6+ 28. Kf2 f4
29. Ke1 Nf3+ 30. Rxf3 Qxf3 31. Kd2 Qg2  0-1

[Event "Pilsen Open 2023 - A INGEM IM Round Robin"]
[Site "Parkhotel Plzen ****, Plzen"]
[Date "2023.03.04"]
[Round "1"]
[Board "2"]
[White "Neuman, Petr"]
[Black "Levitan, Caleb Levi"]
[Result "1/2-1/2"]
[WhiteElo "2389"]
[BlackElo "2007"]
[PlyCount "123"]
[EventDate "2023.03.04"]
[EventRounds "9"]
[EventCountry "CZE"]

1. c4 e6 2. g3 d5 3. Bg2 Nf6 4. Nf3 dxc4 5. Na3 Bxa3 6. bxa3 O-O 7. Bb2 Nbd7 8. Qc2
a6 9. a4 Rb8 10. Qxc4 b5 11. Qc2 Bb7 12. O-O c5 13. axb5 axb5 14. d3 Qb6 15. a4 bxa4
16. Rfb1 Qc7 17. Qxa4 Bc6 18. Qc2 Rb5 19. Nd4 cxd4 20. Qxc6 Qb8 21. Ra8 Qxa8 22.
Qxb5 Rb8 23. Qc4 Qa5 24. Ra1 Qd2 25. Bxd4 Qxe2 26. Ba7 Rf8 27. Qc3 h6 28. Bd4 Qg4
29. h3 Qf5 30. Ra5 Qg6 31. g4 Rb8 32. Kh2 Rd8 33. Qc7 Rf8 34. Qg3 e5 35. Bxe5 Nxe5
36. Rxe5 Rd8 37. Re3 Nd5 38. Bxd5 Rxd5 39. Qf3 Rd8 40. Kg2 h5 41. Qf5 hxg4 42. Qxg6
gxh3+ 43. Kxh3 fxg6 44. Kg4 Rd5 45. Rf3 Rd4+ 46. Kg5 Rd6 47. Kf4 Re6 48. d4 Re2 49.
d5 Kf7 50. Kg5+ Kg8 51. Kxg6 Rd2 52. Rf5 Rd1 53. Kg5 Rd2 54. f3 Rd4 55. f4 Rd1 56.
Kg6 Rf1 57. Kh5 Rd1 58. Kg6 Rf1 59. Kh5 Rd1 60. Kh4 Rd3 61. Kg4 g6 62. Rf6  1/2-1/2

[Event "Pilsen Open 2023 - A INGEM IM Round Robin"]
[Site "Parkhotel Plzen ****, Plzen"]
[Date "2023.03.04"]
[Round "1"]
[Board "3"]
[White "Soucek, Petr"]
[Black "Ashwath, R."]
[Result "1/2-1/2"]
[WhiteElo "2201"]
[BlackElo "2281"]
[PlyCount "44"]
[EventDate "2023.03.04"]
[EventRounds "9"]
[EventCountry "CZE"]

1. e4 e5 2. Nf3 Nc6 3. Bb5 g6 4. c3 a6 5. Ba4 Bg7 6. O-O Nge7 7. Re1 O-O 8. h3 d5
9. d3 h6 10. Nbd2 Be6 11. Qe2 Rb8 12. Bc2 Qd7 13. a4 a5 14. exd5 Bxd5 15. Nc4 Bxc4
16. dxc4 f5 17. Rd1 Qe8 18. Be3 e4 19. Nd4 Nxd4 20. Bxd4 Nc6 21. Bxg7 Kxg7 22. Rd5
Rd8  1/2-1/2

[Event "Pilsen Open 2023 - A INGEM IM Round Robin"]
[Site "Parkhotel Plzen ****, Plzen"]
[Date "2023.03.04"]
[Round "1"]
[Board "4"]
[White "Flajsman, Pavel"]
[Black "Shagbazyan, Taron"]
[Result "1/2-1/2"]
[WhiteElo "2249"]
[BlackElo "2409"]
[PlyCount "89"]
[EventDate "2023.03.04"]
[EventRounds "9"]
[EventCountry "CZE"]

1. d4 Nf6 2. c4 e6 3. Nf3 Bb4+ 4. Bd2 Qe7 5. g3 Nc6 6. Nc3 O-O 7. Bg2 d6 8. O-O Bxc3
9. Bxc3 e5 10. d5 Nb8 11. c5 Ne4 12. cxd6 cxd6 13. Rc1 Na6 14. Nd2 Nxc3 15. Rxc3
Bd7 16. Nc4 Rfc8 17. Qd2 Rc5 18. Rfc1 b6 19. a3 Bb5 20. b4 Rc7 21. Bh3 g6 22. e4
Rf8 23. Ne3 Rb8 24. Rxc7 Nxc7 25. Qc2 Ne8 26. a4 Bd7 27. Bxd7 Qxd7 28. Kg2 h5 29.
Qc6 Qd8 30. Qb5 Nc7 31. Qd3 b5 32. a5 Na6 33. Qd2 Rc8 34. Rc6 Nb8 35. Rc3 Na6 36.
Rc6 Nb8 37. Qc3 Nxc6 38. dxc6 Qe8 39. Nd5 Kg7 40. c7 Qd7 41. h3 f6 42. Qc1 Rf8 43.
Qe3 Ra8 44. Qf3 Rf8 45. Qc3  1/2-1/2

[Event "Pilsen Open 2023 - A INGEM IM Round Robin"]
[Site "Parkhotel Plzen ****, Plzen"]
[Date "2023.03.04"]
[Round "1"]
[Board "5"]
[White "Bogdanov, Artyom"]
[Black "Plischki, Sebastian"]
[Result "1/2-1/2"]
[WhiteElo "2180"]
[BlackElo "2325"]
[PlyCount "49"]
[EventDate "2023.03.04"]
[EventRounds "9"]
[EventCountry "CZE"]

1. e4 c5 2. Nf3 g6 3. d4 cxd4 4. Qxd4 Nf6 5. e5 Nc6 6. Qa4 Nd5 7. Qe4 Nb6 8. Nc3
Bg7 9. Bf4 d5 10. exd6 Bf5 11. dxe7 Bxc3+ 12. bxc3 Bxe4 13. exd8=Q+ Rxd8 14. Bb5
O-O 15. O-O Bxc2 16. Be3 Bd3 17. Bxd3 Rxd3 18. Bxb6 axb6 19. Rab1 Ra8 20. Rxb6 Rxa2
21. Rxb7 Rxc3 22. Rc7 Rcc2 23. Ng5 Ne5 24. Rxc2 Rxc2 25. f3  1/2-1/2

[Event "Pilsen Open 2023 - A INGEM IM Round Robin"]
[Site "Parkhotel Plzen ****, Plzen"]
[Date "2023.03.05"]
[Round "2"]
[Board "1"]
[White "Vojta, Jakub"]
[Black "Plischki, Sebastian"]
[Result "1/2-1/2"]
[WhiteElo "2277"]
[BlackElo "2325"]
[PlyCount "71"]
[EventDate "2023.03.04"]
[EventRounds "9"]
[EventCountry "CZE"]

1. e4 c5 2. Nf3 d6 3. d4 cxd4 4. Qxd4 Nc6 5. Bb5 Bd7 6. Bxc6 Bxc6 7. Nc3 e5 8. Qd3
h6 9. O-O Nf6 10. Nd2 Qc7 11. a4 a6 12. Nd5 Bxd5 13. exd5 Rc8 14. c4 Be7 15. a5 O-O
16. b4 Nd7 17. Qf5 Rfe8 18. Bb2 Bf8 19. f4 exf4 20. Rxf4 Ne5 21. Raf1 g6 22. Qh3
f5 23. Qg3 Kh7 24. h4 h5 25. Ne4 Qe7 26. Ng5+ Kg8 27. Ne6 Ng4 28. Rxf5 gxf5 29. Rxf5
Rxc4 30. Qd3 Bg7 31. Rg5 Qxg5 32. hxg5 Rec8 33. g3 Bxb2 34. Qg6+ Kh8 35. Qxh5+ Kg8
36. Qg6+  1/2-1/2

[Event "Pilsen Open 2023 - A INGEM IM Round Robin"]
[Site "Parkhotel Plzen ****, Plzen"]
[Date "2023.03.05"]
[Round "2"]
[Board "2"]
[White "Shagbazyan, Taron"]
[Black "Bogdanov, Artyom"]
[Result "1-0"]
[WhiteElo "2409"]
[BlackElo "2180"]
[PlyCount "125"]
[EventDate "2023.03.04"]
[EventRounds "9"]
[EventCountry "CZE"]

1. d4 Nf6 2. c4 e6 3. Nc3 Bb4 4. Qb3 Bxc3+ 5. Qxc3 O-O 6. g3 d5 7. Bg2 c6 8. Nf3
Nbd7 9. O-O b6 10. b3 Bb7 11. Ba3 Re8 12. Rfd1 Rc8 13. Rac1 Ne4 14. Qb2 Qf6 15. e3
Qf5 16. h3 Ng5 17. Nxg5 Qxg5 18. Qe2 Nf6 19. Qf3 Qg6 20. Qf4 Ne4 21. Qg4 Qxg4 22.
hxg4 h6 23. Rc2 f5 24. gxf5 exf5 25. Rdc1 dxc4 26. bxc4 c5 27. d5 Kf7 28. Bb2 b5
29. cxb5 Bxd5 30. f3 Nxg3 31. Kf2 Nh5 32. Rxc5 Rxc5 33. Rxc5 Bxa2 34. Rxf5+ Nf6 35.
Bd4 Re7 36. Rc5 Nh5 37. Bf1 Nf6 38. e4 Be6 39. Rc6 Rb7 40. f4 Bd7 41. Rc5 Be8 42.
Ke3 Nd7 43. Rf5+ Nf6 44. Rc5 Nd7 45. Rc1 Nb6 46. Be2 Bd7 47. f5 Be8 48. e5 g6 49.
fxg6+ Kxg6 50. Rg1+ Kf7 51. Bh5+ Ke6 52. Bxe8 Re7 53. Bh5 Kd5 54. Kd3 Nd7 55. Bf3+
Ke6 56. Ke4 Kf7 57. Kd5 Nb6+ 58. Bxb6 axb6 59. Bh5+ Kf8 60. Rf1+ Kg7 61. e6 Rc7 62.
Rf7+ Rxf7 63. Bxf7  1-0

[Event "Pilsen Open 2023 - A INGEM IM Round Robin"]
[Site "Parkhotel Plzen ****, Plzen"]
[Date "2023.03.05"]
[Round "2"]
[Board "3"]
[White "Ashwath, R."]
[Black "Flajsman, Pavel"]
[Result "1-0"]
[WhiteElo "2281"]
[BlackElo "2249"]
[PlyCount "71"]
[EventDate "2023.03.04"]
[EventRounds "9"]
[EventCountry "CZE"]

1. d4 Nf6 2. Nf3 e6 3. Bf4 c5 4. c3 Nc6 5. e3 d5 6. Nbd2 cxd4 7. exd4 Nh5 8. Be3
Bd6 9. Ne5 g6 10. Nd3 O-O 11. g3 Ng7 12. Be2 b6 13. O-O Nf5 14. Bf4 Ba6 15. Bxd6
Nxd6 16. Nf3 Bxd3 17. Bxd3 b5 18. a4 a6 19. h4 Rb8 20. h5 Ne4 21. Qe2 Qf6 22. Kg2
Rb6 23. Rh1 Re8 24. axb5 axb5 25. b3 Nd6 26. Ne5 Qe7 27. hxg6 fxg6 28. Nxg6 hxg6
29. Rh6 Nf5 30. Rxg6+ Ng7 31. Rh1 Qf7 32. Qh5 Kf8 33. Qg5 Kg8 34. Rgh6 Qd7 35. Rh8+
Kf7 36. Bg6#  1-0

[Event "Pilsen Open 2023 - A INGEM IM Round Robin"]
[Site "Parkhotel Plzen ****, Plzen"]
[Date "2023.03.05"]
[Round "2"]
[Board "4"]
[White "Levitan, Caleb Levi"]
[Black "Soucek, Petr"]
[Result "0-1"]
[WhiteElo "2007"]
[BlackElo "2201"]
[PlyCount "104"]
[EventDate "2023.03.04"]
[EventRounds "9"]
[EventCountry "CZE"]

1. e4 e5 2. Nf3 Nc6 3. Bb5 a6 4. Ba4 Nf6 5. Qe2 b5 6. Bb3 Bc5 7. d3 h6 8. c3 O-O
9. Nbd2 Re8 10. Nf1 d5 11. Ng3 Be6 12. O-O Bb6 13. Nh4 Bg4 14. Qc2 Na5 15. Ngf5 c5
16. exd5 Nxb3 17. axb3 Nxd5 18. h3 Bh5 19. g4 Bg6 20. Qe2 Bh7 21. Qf3 Ne7 22. Nxg7
Kxg7 23. Bxh6+ Kxh6 24. Qf6+ Bg6 25. g5+ Kh5 26. Qf3+ Kxg5 27. Qe3+ Kf6 28. f4 Ke6
29. Nxg6 fxg6 30. fxe5 Nf5 31. Rxf5 gxf5 32. Qh6+ Kd7 33. Qd6+ Kc8 34. Qc6+ Kb8 35.
e6 Re7 36. Rf1 Qg8+ 37. Kh1 Qxe6 38. Qf3 Ka7 39. Ra1 Rd8 40. c4 b4 41. h4 Rd4 42.
h5 Rh4+ 43. Kg1 Qe3+ 44. Qxe3 Rxe3 45. h6 Rxh6 46. d4 cxd4 47. c5 Bxc5 48. Kg2 Rg6+
49. Kf2 d3 50. Kf1 Rh3 51. Ke1 Rh2 52. Kf1 Rg1#  0-1

[Event "Pilsen Open 2023 - A INGEM IM Round Robin"]
[Site "Parkhotel Plzen ****, Plzen"]
[Date "2023.03.06"]
[Round "3"]
[Board "1"]
[White "Neuman, Petr"]
[Black "Vojta, Jakub"]
[Result "1/2-1/2"]
[WhiteElo "2389"]
[BlackElo "2277"]
[PlyCount "80"]
[EventDate "2023.03.04"]
[EventRounds "9"]
[EventCountry "CZE"]

1. c4 e5 2. g3 c6 3. Nf3 e4 4. Nd4 d5 5. cxd5 Qxd5 6. Nc2 Nf6 7. Nc3 Qh5 8. d3 exd3
9. Qxd3 Bc5 10. Be3 O-O 11. Bxc5 Qxc5 12. Qd4 Qh5 13. Bg2 Be6 14. O-O Nbd7 15. Rad1
Rfe8 16. e4 Bh3 17. f3 h6 18. Ne3 Bxg2 19. Kxg2 Nf8 20. Nf5 Ne6 21. Qf2 g6 22. Nd4
Qc5 23. Nxe6 Qxf2+ 24. Rxf2 fxe6 25. Rfd2 Kf7 26. f4 Ke7 27. Kf3 Rac8 28. Ne2 Rc7
29. Nc1 g5 30. Nd3 Rd7 31. Ne5 Rxd2 32. Rxd2 gxf4 33. gxf4 Rg8 34. Rd3 Rg7 35. a4
h5 36. h3 h4 37. Ng4 Nh5 38. Ke3 Nf6 39. Kf3 Nh5 40. Ke3 Nf6  1/2-1/2

[Event "Pilsen Open 2023 - A INGEM IM Round Robin"]
[Site "Parkhotel Plzen ****, Plzen"]
[Date "2023.03.06"]
[Round "3"]
[Board "2"]
[White "Soucek, Petr"]
[Black "Michalek, Jan"]
[Result "1/2-1/2"]
[WhiteElo "2201"]
[BlackElo "2259"]
[PlyCount "57"]
[EventDate "2023.03.04"]
[EventRounds "9"]
[EventCountry "CZE"]

1. d4 d6 2. e4 g6 3. Nc3 Bg7 4. Be3 a6 5. h3 b5 6. g4 Bb7 7. Bg2 Nd7 8. Nge2 c5 9.
a3 cxd4 10. Bxd4 Ngf6 11. O-O Ne5 12. f4 Nc6 13. e5 dxe5 14. fxe5 Nd7 15. Bxc6 Bxc6
16. e6 Ne5 17. Rxf7 Qc7 18. Bxe5 Qxe5 19. Nf4 Qe3+ 20. Kf1 Bd4 21. Nfe2 Qxh3+ 22.
Ke1 Bf6 23. Rxf6 exf6 24. Qd6 Qh1+ 25. Kf2 Qf3+ 26. Ke1 Rd8 27. Qc7 Qh1+ 28. Kf2
Qf3+ 29. Ke1  1/2-1/2

[Event "Pilsen Open 2023 - A INGEM IM Round Robin"]
[Site "Parkhotel Plzen ****, Plzen"]
[Date "2023.03.06"]
[Round "3"]
[Board "3"]
[White "Flajsman, Pavel"]
[Black "Levitan, Caleb Levi"]
[Result "0-1"]
[WhiteElo "2249"]
[BlackElo "2007"]
[PlyCount "72"]
[EventDate "2023.03.04"]
[EventRounds "9"]
[EventCountry "CZE"]

1. e4 c5 2. Nf3 e6 3. c3 Nf6 4. e5 Nd5 5. d4 cxd4 6. cxd4 d6 7. Bc4 Nb6 8. Bd3 Nc6
9. O-O Be7 10. Qe2 O-O 11. Qe4 g6 12. Bh6 Re8 13. Nc3 Bd7 14. a3 Nd5 15. h4 f5 16.
exf6 Nxf6 17. Qe2 d5 18. Qc2 Ng4 19. Bf4 Rf8 20. Ne2 Rc8 21. Qb1 Nf6 22. Bh6 Ng4
23. Bxf8 Qxf8 24. Ng3 Qf6 25. h5 Nxd4 26. Nxd4 Qxd4 27. hxg6 Bd6 28. gxh7+ Kh8 29.
Qd1 Bxg3 30. Qf3 Bd6 31. g3 Rf8 32. Qe2 Bxg3 33. Kg2 Bxf2 34. Rae1 Qf4 35. Rh1 Qg3+
36. Kf1 Nh2+  0-1

[Event "Pilsen Open 2023 - A INGEM IM Round Robin"]
[Site "Parkhotel Plzen ****, Plzen"]
[Date "2023.03.06"]
[Round "3"]
[Board "4"]
[White "Bogdanov, Artyom"]
[Black "Ashwath, R."]
[Result "1-0"]
[WhiteElo "2180"]
[BlackElo "2281"]
[PlyCount "81"]
[EventDate "2023.03.04"]
[EventRounds "9"]
[EventCountry "CZE"]

1. e4 e5 2. Nf3 Nc6 3. Bb5 g6 4. c3 a6 5. Ba4 Bg7 6. d4 b5 7. Bc2 exd4 8. Bg5 Nge7
9. Nxd4 Nxd4 10. cxd4 h6 11. Be3 d5 12. O-O O-O 13. e5 Nf5 14. Bxf5 Bxf5 15. Qc1
Kh7 16. Nd2 f6 17. f4 Qd7 18. Qc3 fxe5 19. fxe5 Be4 20. Nxe4 dxe4 21. Qc2 Qg4 22.
h3 Qh4 23. Kh2 Rf5 24. g3 Qe7 25. Rxf5 gxf5 26. Rf1 Qd7 27. g4 c5 28. gxf5 cxd4 29.
f6 d3 30. Qg2 Qb7 31. fxg7 Rg8 32. Rf4 Rxg7 33. Qxe4+ Qxe4 34. Rxe4 Rd7 35. Bd2 Kg6
36. e6 Re7 37. Bb4 Re8 38. e7 Kf5 39. Rd4 a5 40. Bc5 Ke6 41. Rxd3  1-0

[Event "Pilsen Open 2023 - A INGEM IM Round Robin"]
[Site "Parkhotel Plzen ****, Plzen"]
[Date "2023.03.06"]
[Round "3"]
[Board "5"]
[White "Plischki, Sebastian"]
[Black "Shagbazyan, Taron"]
[Result "1/2-1/2"]
[WhiteElo "2325"]
[BlackElo "2409"]
[PlyCount "52"]
[EventDate "2023.03.04"]
[EventRounds "9"]
[EventCountry "CZE"]

1. Nf3 Nf6 2. c4 c6 3. g3 d5 4. Bg2 Bf5 5. O-O e6 6. cxd5 cxd5 7. Qb3 Qb6 8. Qxb6
axb6 9. Nc3 Nc6 10. d3 Be7 11. Bd2 O-O 12. a3 h6 13. b4 Rfd8 14. Rfc1 e5 15. Nb5
Rac8 16. d4 e4 17. Ne5 Nxe5 18. dxe5 Ng4 19. Bc3 f6 20. exf6 Bxf6 21. Bxf6 Nxf6 22.
Rxc8 Bxc8 23. Rc1 Bd7 24. Nd4 Rc8 25. Rxc8+ Bxc8 26. f3 exf3  1/2-1/2

[Event "Pilsen Open 2023 - A INGEM IM Round Robin"]
[Site "Parkhotel Plzen ****, Plzen"]
[Date "2023.03.07"]
[Round "4"]
[Board "2"]
[White "Ashwath, R."]
[Black "Plischki, Sebastian"]
[Result "1/2-1/2"]
[WhiteElo "2281"]
[BlackElo "2325"]
[PlyCount "49"]
[EventDate "2023.03.04"]
[EventRounds "9"]
[EventCountry "CZE"]

1. d4 Nf6 2. Nf3 e6 3. Bf4 c5 4. c3 cxd4 5. cxd4 Nc6 6. Nc3 Bb4 7. Bd2 O-O 8. e3
d6 9. a3 Bxc3 10. Bxc3 Ne4 11. Rc1 e5 12. Be2 Nxc3 13. Rxc3 e4 14. Nd2 Re8 15. O-O
Qg5 16. Kh1 d5 17. Rc5 Re6 18. f4 exf3 19. Bxf3 Qxe3 20. Rxd5 Re8 21. Nc4 Qe7 22.
Ne5 Nd8 23. Nd3 Be6 24. Re5 Nc6 25. Bxc6  1/2-1/2

[Event "Pilsen Open 2023 - A INGEM IM Round Robin"]
[Site "Parkhotel Plzen ****, Plzen"]
[Date "2023.03.07"]
[Round "4"]
[Board "3"]
[White "Levitan, Caleb Levi"]
[Black "Bogdanov, Artyom"]
[Result "1-0"]
[WhiteElo "2007"]
[BlackElo "2180"]
[PlyCount "131"]
[EventDate "2023.03.04"]
[EventRounds "9"]
[EventCountry "CZE"]

1. e4 e5 2. Nf3 Nc6 3. Bb5 a6 4. Ba4 Nf6 5. d3 b5 6. Bb3 Be7 7. a4 Rb8 8. axb5 axb5
9. Nc3 O-O 10. O-O h6 11. Nd5 d6 12. c3 Re8 13. h3 Bf8 14. Nxf6+ Qxf6 15. Nh2 Qg6
16. f4 exf4 17. Rxf4 Be6 18. Bxe6 Qxe6 19. d4 Qg6 20. Qf3 Ra8 21. Rxa8 Rxa8 22. Rg4
Qh7 23. Be3 Ra1+ 24. Nf1 Ne7 25. Kh2 f5 26. exf5 Qxf5 27. Rf4 Qc8 28. Ng3 d5 29.
Nf5 c6 30. Qg4 Nxf5 31. Rxf5 Bd6+ 32. g3 Kh8 33. Qg6 Ra7 34. Bxh6 Qc7 35. Bxg7+ Qxg7
36. Qxd6 Re7 37. Re5 Rf7 38. Qd8+ Qf8 39. Qxf8+ Rxf8 40. Kg2 Ra8 41. Re6 Ra2 42.
Rxc6 Rxb2+ 43. Kf3 Rc2 44. Rb6 Kg7 45. Rxb5 Rxc3+ 46. Kf4 Kf6 47. Rxd5 Rc1 48. Rd6+
Ke7 49. Ra6 Rf1+ 50. Kg4 Rd1 51. Ra4 Kf6 52. h4 Rd2 53. h5 Rd1 54. Ra6+ Ke7 55. Kg5
Rxd4 56. g4 Kf7 57. Ra7+ Kg8 58. h6 Rd5+ 59. Kh4 Rd4 60. Kh5 Rd8 61. g5 Rb8 62. Ra6
Kh8 63. g6 Rc8 64. h7 Rc5+ 65. Kh6 Ra5 66. g7#  1-0

[Event "Pilsen Open 2023 - A INGEM IM Round Robin"]
[Site "Parkhotel Plzen ****, Plzen"]
[Date "2023.03.07"]
[Round "4"]
[Board "4"]
[White "Michalek, Jan"]
[Black "Flajsman, Pavel"]
[Result "1-0"]
[WhiteElo "2259"]
[BlackElo "2249"]
[PlyCount "45"]
[EventDate "2023.03.04"]
[EventRounds "9"]
[EventCountry "CZE"]

1. e4 e5 2. Nf3 Nc6 3. Bc4 Bc5 4. O-O Nf6 5. d4 exd4 6. e5 d5 7. exf6 dxc4 8. fxg7
Rg8 9. Bg5 Qd5 10. Nc3 Qf5 11. Ne4 Be7 12. Bxe7 Kxe7 13. Nxd4 Nxd4 14. Qxd4 Be6 15.
Rad1 b6 16. Rfe1 Qg6 17. Ng3 Rge8 18. Qh4+ f6 19. Rxe6+ Kxe6 20. Qxc4+ Ke7 21. Qxc7+
Ke6 22. Qd7+ Ke5 23. Qd6#  1-0

[Event "Pilsen Open 2023 - A INGEM IM Round Robin"]
[Site "Parkhotel Plzen ****, Plzen"]
[Date "2023.03.07"]
[Round "4"]
[Board "5"]
[White "Neuman, Petr"]
[Black "Soucek, Petr"]
[Result "1-0"]
[WhiteElo "2389"]
[BlackElo "2201"]
[PlyCount "115"]
[EventDate "2023.03.04"]
[EventRounds "9"]
[EventCountry "CZE"]

1. Nf3 Nf6 2. c4 c5 3. g3 g6 4. Bg2 Bg7 5. O-O O-O 6. d4 cxd4 7. Nxd4 d5 8. cxd5
Nxd5 9. Qd2 Nc6 10. Nxc6 bxc6 11. e4 Nb6 12. Qc2 Qd4 13. Nc3 Be6 14. Bf4 Rfd8 15.
Rac1 Rac8 16. Rfe1 Qb4 17. b3 Qxc3 18. Qxc3 Bxc3 19. Rxc3 c5 20. Rec1 c4 21. bxc4
Rxc4 22. Rxc4 Nxc4 23. f3 Nb6 24. Rc7 Rd7 25. Rxd7 Nxd7 26. a3 Nb6 27. Be3 Kf8 28.
Bc5 Bc4 29. Kf2 Ke8 30. e5 Bd5 31. Ke3 f6 32. exf6 exf6 33. Bf1 Kd7 34. f4 Ke6 35.
Kd4 Bc6 36. Bh3+ f5 37. Bf1 Kf6 38. h4 Ke6 39. Be2 Kf6 40. Bd1 Bd7 41. Bd6 Be6 42.
Bb8 Nc4 43. a4 Nb2 44. Bc2 a6 45. Kc3 Nc4 46. Bd3 Nb6 47. Kb4 Bc8 48. Be5+ Ke7 49.
Ka5 Nd7 50. Bxa6 Bxa6 51. Kxa6 Nxe5 52. fxe5 h5 53. Kb5 g5 54. Kc4 f4 55. Kd3 fxg3
56. Ke3 gxh4 57. Kf3 Ke6 58. a5  1-0

[Event "Pilsen Open 2023 - A INGEM IM Round Robin"]
[Site "Parkhotel Plzen ****, Plzen"]
[Date "2023.03.07"]
[Round "5"]
[Board "1"]
[White "Soucek, Petr"]
[Black "Vojta, Jakub"]
[Result "1/2-1/2"]
[WhiteElo "2201"]
[BlackElo "2277"]
[PlyCount "53"]
[EventDate "2023.03.04"]
[EventRounds "9"]
[EventCountry "CZE"]

1. e4 c5 2. Nf3 Nc6 3. d4 cxd4 4. Nxd4 Nf6 5. Nc3 e5 6. Nf5 d5 7. exd5 Bxf5 8. dxc6
Qxd1+ 9. Nxd1 bxc6 10. Ne3 Bg6 11. Nc4 Bxc2 12. Nxe5 Bd6 13. Nc4 Bc7 14. Be2 O-O-O
15. Be3 Nd5 16. Bxa7 Nf4 17. Bf3 Rhe8+ 18. Be3 Bd3 19. b3 Nd5 20. O-O-O Bxc4 21.
bxc4 Nxe3 22. fxe3 Rxd1+ 23. Rxd1 Rxe3 24. Bxc6 Bxh2 25. Kc2 Re2+ 26. Rd2 Rxd2+ 27.
Kxd2  1/2-1/2

[Event "Pilsen Open 2023 - A INGEM IM Round Robin"]
[Site "Parkhotel Plzen ****, Plzen"]
[Date "2023.03.07"]
[Round "5"]
[Board "3"]
[White "Bogdanov, Artyom"]
[Black "Michalek, Jan"]
[Result "1/2-1/2"]
[WhiteElo "2180"]
[BlackElo "2259"]
[PlyCount "64"]
[EventDate "2023.03.04"]
[EventRounds "9"]
[EventCountry "CZE"]

1. e4 c5 2. Nf3 Nc6 3. Bb5 g6 4. Bxc6 dxc6 5. d3 Bg7 6. h3 Nf6 7. O-O Nd7 8. Nc3
e5 9. Be3 b6 10. Qd2 h6 11. Nh2 Nf8 12. f4 exf4 13. Rxf4 Be6 14. Raf1 g5 15. R4f2
Qc7 16. Qe2 O-O-O 17. Ng4 Nd7 18. Bc1 Bd4 19. Ne3 h5 20. Qe1 Rdg8 21. Ne2 Be5 22.
Nf5 Qd8 23. g3 Kb7 24. Kg2 Nf8 25. b3 Ng6 26. Bd2 Ne7 27. Ne3 Qd7 28. Ng1 h4 29.
g4 Qc7 30. Qc1 Ng6 31. Ne2 Bf4 32. Rf3 Re8  1/2-1/2

[Event "Pilsen Open 2023 - A INGEM IM Round Robin"]
[Site "Parkhotel Plzen ****, Plzen"]
[Date "2023.03.07"]
[Round "5"]
[Board "4"]
[White "Plischki, Sebastian"]
[Black "Levitan, Caleb Levi"]
[Result "1-0"]
[WhiteElo "2325"]
[BlackElo "2007"]
[PlyCount "55"]
[EventDate "2023.03.04"]
[EventRounds "9"]
[EventCountry "CZE"]

1. d4 Nf6 2. c4 e6 3. Nc3 Bb4 4. Qc2 d5 5. cxd5 Qxd5 6. e3 c5 7. Bd2 Bxc3 8. Bxc3
cxd4 9. Bxd4 Nc6 10. Bc3 O-O 11. Nf3 e5 12. Be2 Bg4 13. h3 Bh5 14. O-O Bg6 15. Qb3
Qxb3 16. axb3 Nd7 17. Rfd1 Rfd8 18. b4 f6 19. b5 Ne7 20. Bb4 Nc8 21. Nh4 Bf7 22.
Nf5 Be6 23. Nd6 Nxd6 24. Rxd6 Re8 25. Bf3 Nb6 26. Bxb7 Rab8 27. Rxa7 Nc4 28. Rxe6
 1-0

[Event "Pilsen Open 2023 - A INGEM IM Round Robin"]
[Site "Parkhotel Plzen ****, Plzen"]
[Date "2023.03.07"]
[Round "5"]
[Board "5"]
[White "Shagbazyan, Taron"]
[Black "Ashwath, R."]
[Result "1/2-1/2"]
[WhiteElo "2409"]
[BlackElo "2281"]
[PlyCount "174"]
[EventDate "2023.03.04"]
[EventRounds "9"]
[EventCountry "CZE"]

1. d4 d5 2. c4 e6 3. Nc3 a6 4. cxd5 exd5 5. Nf3 Nf6 6. Bg5 Be6 7. e3 Nbd7 8. Bd3
Bd6 9. h3 c6 10. Bf4 Qc7 11. Qd2 Nh5 12. Bxd6 Qxd6 13. O-O O-O 14. a3 g6 15. b4 Ng7
16. Na4 b5 17. Nc5 Nb6 18. e4 dxe4 19. Nxe4 Qd8 20. Rfe1 f6 21. Nc5 Bd5 22. Be4 Re8
23. Qf4 Bxe4 24. Nxe4 Nd5 25. Qd2 a5 26. Rac1 axb4 27. axb4 Qd7 28. Qc2 Kh8 29. Qxc6
Qxc6 30. Rxc6 Nxb4 31. Rxf6 Nf5 32. g4 Nc2 33. Rd1 Rxe4 34. gxf5 Rf4 35. Kg2 Ra3
36. Ng5 Kg8 37. Rc6 Rxf5 38. Rc8+ Kg7 39. Rc7+ Kg8 40. h4 h6 41. Rc8+ Rf8 42. Rxc2
hxg5 43. hxg5 Rf5 44. Rc5 Rxc5 45. dxc5 Rc3 46. Rd6 Kf7 47. Rf6+ Kg7 48. Rc6 b4 49.
Rc7+ Kf8 50. c6 b3 51. Rb7 Rxc6 52. Rxb3 Rc5 53. f4 Rc4 54. Kf3 Ra4 55. Rb6 Kf7 56.
Rf6+ Kg7 57. Rd6 Kf7 58. Ke3 Rb4 59. Rd4 Rb1 60. Rc4 Re1+ 61. Kd4 Rd1+ 62. Ke5 Re1+
63. Kd5 Rd1+ 64. Rd4 Rf1 65. Kd6 Rf2 66. Kd7 Rf1 67. Kd6 Rf2 68. Ke5 Re2+ 69. Re4
Rd2 70. Re1 Ra2 71. Kd4 Ra4+ 72. Ke5 Ra2 73. Rc1 Re2+ 74. Kd5 Rd2+ 75. Ke4 Re2+ 76.
Kd3 Rf2 77. Rc7+ Kf8 78. Ke4 Re2+ 79. Kd5 Re1 80. Rc6 Kf7 81. Rf6+ Kg7 82. Re6 Rd1+
83. Ke5 Re1+ 84. Kd6 Rd1+ 85. Ke7 Rd4 86. Rf6 Re4+ 87. Kd6 Re1  1/2-1/2

[Event "Pilsen Open 2023 - A INGEM IM Round Robin"]
[Site "Parkhotel Plzen ****, Plzen"]
[Date "2023.03.08"]
[Round "6"]
[Board "1"]
[White "Vojta, Jakub"]
[Black "Ashwath, R."]
[Result "1-0"]
[WhiteElo "2277"]
[BlackElo "2281"]
[PlyCount "103"]
[EventDate "2023.03.04"]
[EventRounds "9"]
[EventCountry "CZE"]

1. e4 e5 2. Nf3 Nc6 3. Bb5 a6 4. Ba4 d6 5. O-O Bd7 6. c4 g5 7. d4 g4 8. d5 gxf3 9.
dxc6 Bxc6 10. Bxc6+ bxc6 11. Qxf3 Ne7 12. Bg5 Qd7 13. Bxe7 Bxe7 14. Nc3 O-O 15. Ne2
Bh4 16. Rad1 Kh8 17. Qh5 Qe7 18. Rd3 Qg5 19. Qxg5 Bxg5 20. Ng3 Rab8 21. b3 c5 22.
Nf5 a5 23. h4 Bf6 24. a4 Rb7 25. Re1 Rfb8 26. Ree3 Kg8 27. Rf3 Kf8 28. Kf1 Ke8 29.
Ke2 Kd7 30. Nxd6 cxd6 31. Rxf6 Rxb3 32. Rxb3 Rxb3 33. Rxf7+ Ke6 34. Rxh7 Rc3 35.
g4 Rxc4 36. Kf3 Rc3+ 37. Kg2 Rc4 38. f3 Rxa4 39. h5 Rb4 40. g5 Rb8 41. g6 a4 42.
Kh3 a3 43. Ra7 Kf6 44. Rf7+ Kg5 45. Rf5+ Kh6 46. Kg4 Rb7 47. Rf8 a2 48. Ra8 d5 49.
Rxa2 d4 50. Ra8 Rb3 51. Ra7 d3 52. Rh7#  1-0

[Event "Pilsen Open 2023 - A INGEM IM Round Robin"]
[Site "Parkhotel Plzen ****, Plzen"]
[Date "2023.03.08"]
[Round "6"]
[Board "2"]
[White "Levitan, Caleb Levi"]
[Black "Shagbazyan, Taron"]
[Result "0-1"]
[WhiteElo "2007"]
[BlackElo "2409"]
[PlyCount "84"]
[EventDate "2023.03.04"]
[EventRounds "9"]
[EventCountry "CZE"]

1. e4 d6 2. d4 Nf6 3. Nc3 Nbd7 4. Nf3 e5 5. Bc4 Be7 6. Ng5 O-O 7. Bxf7+ Rxf7 8. Ne6
Qe8 9. Nxc7 Qd8 10. Nxa8 b6 11. f4 exd4 12. Qxd4 Bb7 13. Nxb6 axb6 14. Be3 Qa8 15.
O-O Nxe4 16. Nxe4 Bxe4 17. Qd2 Rf6 18. Rf2 h5 19. Bd4 Rf5 20. Qe3 Qb7 21. Re1 d5
22. a3 Qc6 23. b4 b5 24. Qh3 Bf6 25. Bxf6 Qxf6 26. Qe3 Qc6 27. Qd4 Nb6 28. Re3 Nc4
29. Rh3 Qd6 30. Rg3 Qe7 31. h3 Kh7 32. Kh2 Qf6 33. Qa7 d4 34. Qb8 Ne3 35. Qe8 h4
36. Rg4 Nxg4+ 37. hxg4 Rxf4 38. Qh5+ Kg8 39. Qe8+ Qf8 40. Qe6+ Qf7 41. Qc8+ Kh7 42.
Re2 Qg6  0-1